000170909 001__ 170909 000170909 005__ 20260429150233.0 000170909 037__ $$aTAZ-TFG-2025-141 000170909 041__ $$aspa 000170909 1001_ $$aGOMEZ LAHOZ, ELENA 000170909 24200 $$aTHE ADMINISTRATIVE ORGANIZATION OF EDUCATION IN RURAL MUNICIPALITIES OF ARAGON 000170909 24500 $$aLA ORGANIZACIÓN ADMINISTRATIVA DE LA EDUCACIÓN EN MUNICIPIOS RURALES DE ARAGÓN 000170909 260__ $$aZaragoza$$bUniversidad de Zaragoza$$c2025 000170909 506__ $$aby-nc-sa$$bCreative Commons$$c3.0$$uhttp://creativecommons.org/licenses/by-nc-sa/3.0/ 000170909 520__ $$aEn este Trabajo de Final de Grado se muestra un análisis de la organización administrativa de la educación en el régimen de escuelas públicas de educación infantil y primaria. En concreto, enfocándose en los situados en municipios de baja densidad poblacional de Aragón. En relación con estos, se pone en contexto las funciones que las entidades locales desarrollan, al tratarse de la administración más próxima a los centros educativos. Y también se pone en relieve la normativa que otorga a dichos entes autonomía en sus funciones. La normativa expuesta se obtiene del Boletín Oficial del Estado y del Boletín Oficial de Aragón. Las funciones y normativas presentadas tienen como objetivo abordar los desafíos inherentes a zonas con limitados recursos humanos y materiales. La delineación de regulaciones pertinentes busca suscitar interrogantes sobre la eficacia de la gestión educativa en entornos rurales.<br /> 000170909 521__ $$aGraduado en Derecho 000170909 540__ $$aDerechos regulados por licencia Creative Commons 000170909 691__ $$a0 000170909 692__ $$a 000170909 700__ $$aELISA MOREU$$edir. 000170909 7102_ $$aUniversidad de Zaragoza$$b $$c 000170909 8560_ $$f817765@unizar.es 000170909 8564_ $$s341662$$uhttps://zaguan.unizar.es/record/170909/files/TAZ-TFG-2025-141.pdf$$yMemoria (spa) 000170909 909CO $$ooai:zaguan.unizar.es:170909$$pdriver$$ptrabajos-fin-grado 000170909 950__ $$a 000170909 951__ $$adeposita:2026-04-29 000170909 980__ $$aTAZ$$bTFG$$cDER 000170909 999__ $$a20250130113818.CREATION_DATE